La Promoción sociocultural y la extensión participativa: análisis teórico-práctico /
En el artículo se plantean dos procesos metodológicos extraídos de la Promoción Sociocultural y la Extensión Participativa, utilizados por promotores y trabajadores sociales. El propósito es, comparar la operacionalización de estos procesos de una manera breve. REV//jmml
Kaydedildi:
| Yazar: | |
|---|---|
| Materyal Türü: | Metin |
| Konular: | |
| Etiketler: |
Etiketle
Etiket eklenmemiş, İlk siz ekleyin!
|
MARC
| LEADER | 00000 a a2200000 04500 | ||
|---|---|---|---|
| 001 | 15198 | ||
| 003 | |||
| 040 | |||
| 100 | |a Méndez Vega, Norma | ||
| 245 | |a La Promoción sociocultural y la extensión participativa: análisis teórico-práctico / |c Norma Méndez Vega | ||
| 520 | |a En el artículo se plantean dos procesos metodológicos extraídos de la Promoción Sociocultural y la Extensión Participativa, utilizados por promotores y trabajadores sociales. El propósito es, comparar la operacionalización de estos procesos de una manera breve. REV//jmml | ||
| 650 | |a PUB.IIS | ||
| 650 | |a PARTICIPACION SOCIAL | ||
| 650 | |a ANALISIS HISTORICO | ||
| 650 | |a METODOLOGIA | ||
| 650 | |a TRABAJO SOCIAL | ||
| 650 | |a ESTADO | ||
| 650 | |a AGRICULTURA | ||
| 650 | |a POLITICA GUBERNAMENTAL | ||
| 650 | |a CULTURA | ||
| 650 | |a INSTITUCIONES PUBLICAS | ||
| 650 | |a TEORIA | ||
| 773 | |g número 78 -79; páginas 102-112 | ||
| 999 | |c 20662 |d 20662 | ||
| 773 | 0 | |0 18728 |9 3054 |a Universidad de Costa Rica |d San José, Costa Rica Editorial UCR 1956- |o 16967 |t Revista de Ciencias Sociales/ |x 04825276 | |
